Obálka Náhled e-knihy:
PDF Epub
Pro půjčování e-knih musíte být přihlášeni.
Jak si půjčit online?

Hot jocks. I., Jediná šance /

Počáteční díl erotické série ze sportovního prostředí.

Uloženo v:
Série:Hot jocks, část 1
Hlavní autor: Ryan, Kendall, 1981- (Autor)
Další autoři: Ľalíková, Zuzana, 1987- (Autor)
Médium: E-kniha
Jazyk:Czech
Vydáno: Praha : Baronet, 2023
Vydání:1. vydání
Témata:
Příbuzné jednotky:Přeloženo z: Hot jocks
Z cyklu:: Hot jocks
Tagy:
Žádné tagy
LEADER 02438nam a2200517 i 4500
001 312192
003 CZ PrSKC
005 20260601215718.0
007 ta
008 231123s2023 xr e 000 f cze
015 |a cnb003575407 
020 |a 9788026921745  |q (vázáno) 
035 |a (OCoLC)1420607225 
040 |a ABG001  |b cze  |e rda 
041 1 |a cze  |h eng 
072 7 |a 821.111(73)-3  |x Americká próza  |2 Konspekt 
080 |a 821.111(73)-31  |2 MRF 
080 |a (0:82-993)  |2 MRF 
080 |a (0:82-31)-055.2  |2 MRF 
100 1 |a Ryan, Kendall,  |d 1981-  |7 mzk2015894946  |4 aut 
240 1 0 |a Playing for keeps.  |l Česky 
245 1 0 |a Hot jocks.  |n I.,  |p Jediná šance /  |c Ryan Kendall ; z anglického originálu Hot jocks 1 - Playing for keeps ... přeložila Zuzana Ľalíková 
246 3 0 |a Jediná šance 
250 |a 1. vydání 
264 1 |a Praha :  |b Baronet,  |c 2023 
300 |a 236 stran ;  |c 21 cm 
336 |a text  |b txt  |2 rdacontent 
337 |a bez média  |b n  |2 rdamedia 
338 |a svazek  |b nc  |2 rdacarrier 
520 2 |a Počáteční díl erotické série ze sportovního prostředí.  |b Justin, nadějný hokejista, stráví vášnivou noc s krásnou a přitažlivou sestrou svého spoluhráče. Následující ráno ani jeden z nich neví, jak se má chovat a zda společná noc nebyla omylem. Elise, zaskočená svým vlastním erotickým prožitkem, chce vše ukončit, ale Justin se ji snaží přesvědčit, že má cenu v jejich vztahu pokračovat. 
546 |a Český text 
655 7 |a americké romány  |7 fd131796  |2 czenas 
655 7 |a erotické romány  |7 fd132211  |2 czenas 
655 7 |a romány pro ženy  |7 fd187897  |2 czenas 
655 9 |a American fiction  |2 eczenas 
655 9 |a erotic novels  |2 eczenas 
655 9 |a women's novels  |2 eczenas 
700 1 |a Ľalíková, Zuzana,  |d 1987-  |7 xx0144546  |4 trl 
765 0 |t Hot jocks 
787 0 8 |i Z cyklu:  |t Hot jocks  |g 1 
900 |a ABA001  |b 21 
928 9 |a Albatros Media - Baronet 
044 |a xr 
910 |a RBIT002 
998 |d 391772  |a https://core.palmknihy.cz/api/books/391772/cover?s47omr  |b https://core.palmknihy.cz/api/books/391772/cover/400?s47omr  |c https://core.palmknihy.cz/api/books/391772/cover/50?s47omr  |e 2029-11-11  |g 240  |i 9788026921745  |j https://core.palmknihy.cz/api/books/391772/preview.epub  |k https://core.palmknihy.cz/api/books/391772/preview.pdf  |l   |q 49  |r 1  |s https://www.palmknihy.cz/kniha/391772  |t ebook  |y 2023  |z 0  |v Hot Jocks  |w 1 
999 |d 312190